Cognitive psychotherapy : Stasis and change

Bibliographic Details
Format: Book
Published: London : Cassell educational limited , 1989
Subjects:

MARC

LEADER 00000cam a2200000 7i4500
001 0000064903
005 20160725.0
008 160725
020 |a 0304316377 
090 0 0 |a 616.8914   |b COG 
245 0 0 |a Cognitive psychotherapy :   |b Stasis and change   |c Edited by Windy Dryden;Peter Trower 
260 |a London :   |b Cassell educational limited ,   |c 1989 
650 0 |a Medicine,cognitive therapy 
999 |a 0000364920   |b Book   |c Adult Collection   |e Cawangan Pontian